000 01623cam a22004214a 4500
999 _c60421
_d60421
001 16045272
005 20230714112440.0
008 100107s2011 dcua bf 001 0 eng
010 _a 2009052602
020 _a9781433807763 X
020 _a1433807769 X
035 _a(DNLM)101522311
040 _aDNLM/DLC
_cDLC
_dDLC
042 _apcc
050 0 0 _aRC967.5
_b.H358 2011
060 1 0 _aWA 495
_bH236 2011
080 _a159+61 H-22
245 0 0 _aHandbook of occupational health psychology /
_cedited by James Campbell Quick and Lois E. Tetrick.
250 _a2nd ed.
260 _aWashington, DC :
_bAmerican Psychological Association,
_cc2014.
300 _axviii, 441 p. :
_bill. ;
_c26 cm.
504 _aIncludes bibliographical references and index.
650 0 _aIndustrial psychiatry
_vHandbooks, manuals, etc.
_919329
650 0 _aClinical health psychology
_vHandbooks, manuals, etc.
_919330
650 0 _aPsychology, Industrial
_vHandbooks, manuals, etc.
_919331
650 1 2 _aPsychology, Industrial
_xmethods.
_919332
650 2 2 _aOccupational Health Services.
_919333
650 2 2 _aOccupational Health.
_919334
653 _a ფსიქოლოგიის სახელმძღვანელო
700 1 _aQuick, James C.
_919335
700 1 _aრედაქტორი
_919338
700 1 _aTetrick, Lois E.
_919336
700 1 _aრედაქტორი
_919338
710 2 _aAmerican Psychological Association.
_919337
906 _a7
_bcbc
_corignew
_d1
_eecip
_f20
_gy-gencatlg
942 _2udc
_cBK
955 _axh00 2010-01-11
_axe06 2010-12-09 1 copy rec'd., to CIP ver.